Introduction to the Constitution of India (Record no. 11790)

000 -LEADER
fixed length control field 00493nam a22001817a 4500
008 - FIXED-LENGTH DATA ELEMENTS--GENERAL INFORMATION
fixed length control field 210106b ||||| |||| 00| 0 eng d
020 ## - INTERNATIONAL STANDARD BOOK NUMBER
International Standard Book Number 0876923325
082 ## - DEWEY DECIMAL CLASSIFICATION NUMBER
Classification number 342.54029
Item number BAS
100 ## - MAIN ENTRY--PERSONAL NAME
Personal name Basu, Durga Das
245 ## - TITLE STATEMENT
Title Introduction to the Constitution of India
250 ## - EDITION STATEMENT
Edition statement 10th Ed.
260 ## - PUBLICATION, DISTRIBUTION, ETC. (IMPRINT)
Place of publication, distribution, etc New Delhi
Name of publisher, distributor, etc Prentice hall of India pvt. ltd.
Date of publication, distribution, etc 1983
300 ## - PHYSICAL DESCRIPTION
Extent xx, 436p.
Other physical details Pbc
650 ## - SUBJECT ADDED ENTRY--TOPICAL TERM
Topical term or geographic name as entry element India
650 ## - SUBJECT ADDED ENTRY--TOPICAL TERM
Topical term or geographic name as entry element Constitutional law
650 ## - SUBJECT ADDED ENTRY--TOPICAL TERM
Topical term or geographic name as entry element Constitutional history
942 ## - ADDED ENTRY ELEMENTS (KOHA)
Item type Books
Holdings
Withdrawn status Lost status Source of classification or shelving scheme Damaged status Not for loan Collection code Permanent location Current location Shelving location Date acquired Full call number Barcode Date last seen Koha item type Public note
          Non-fiction IMU-MPC Library IMU-MPC Library General Stacks 2021-01-06 342.54029 BAS MPCG0319 2025-03-17 Books Column-61
Copyright © 2021 Indian Maritime University, Mumbai Port Campus. All Rights Reserved. Managed & Maintained by Central Library, IMU-Mumbai

webs counters

Powered by Koha